000 00775nam a22002297a 4500
003 0
005 20250902151159.0
008 250902b xxu||||| |||| 00| 0 eng d
020 _a978-1-98469-543-7
050 _aHV 640
_b.H46 2025
100 _aHenderson, Julia,
_eauthor.
245 _aRe-building displaced communities /
_cJulia Henderson.
260 _aNew York, NY :
_b3G E-Learning LLC,
_c2025.
300 _axviii, 269 pages :
_bcolored illustrations ;
_c26 cm.
504 _aIncludes bibliographical references and index.
650 _aRefugees
_xServices for.
650 _aDisplaced persons
_xRehabilitation.
650 _aCommunity development
_xCase studies.
650 _aForced migration.
650 _aResettlement (International law).
942 _2lcc
_cBK
999 _c367758
_d367758